000 00439nam a2200181Ia 4500
001 23189
005 20260414150921.0
008 260414t2016||||xx |||||||||||||| ||spa||
041 _aESP
082 _a625.725
_bT78 V. 1
110 _aTransportation Research Board
245 0 _aHighway capacity manual
_b
260 _c2016
300 _avarias paginaciones :
_c29 cm.
650 _a0
654 _aCIC
942 _cLIB
_dJUS
_fJUS
_2ddc
_n
999 _c23189
_d23189